| 000 | 00450nam a2200181Ia 4500 | ||
|---|---|---|---|
| 001 | 4839 | ||
| 005 | 20260306145824.0 | ||
| 008 | 260306t2014||||xx |||||||||||||| ||spa|| | ||
| 041 | _aESP | ||
| 082 |
_a330.905 _bH22 |
||
| 100 |
_aHarford, Tim _eAUT |
||
| 245 | 0 |
_aEl economista camuflado: _bla economía de las pequeñas cosas |
|
| 260 | _c2014 | ||
| 300 |
_a367 páginas : _c19 cm. |
||
| 650 | _aGEN | ||
| 654 | _aCAN | ||
| 942 |
_cLIB _dJUS _fJUS _2ddc _n |
||
| 999 |
_c4839 _d4839 |
||